El niño de 9 y 10 años
Saved in:
| 主要作者: | |
|---|---|
| 格式: | 圖書 |
| 語言: | 西班牙语 |
| 出版: |
Buenos Aires
Paidós
1971
|
| 叢編: | Biblioteca del Educador Contemporáneo, 58
|
| 主題: | |
| 標簽: |
添加標簽
沒有標簽, 成為第一個標記此記錄!
|
MARC
| LEADER | 00000nam a2200000 a 4500 | ||
|---|---|---|---|
| 001 | UCY4069 | ||
| 003 | CL-VaPUC | ||
| 008 | 950227e19710000AG |||||||||||||||||spa|d | ||
| 082 | 0 | 4 | |a 155.4 |b GES |2 21 |
| 100 | |a Gesell, Arnold Lucius |e author |9 488199 | ||
| 245 | 1 | 3 | |a El niño de 9 y 10 años |
| 300 | |a 100 p | ||
| 942 | |c BK | ||
| 945 | |d 19950227 00:00:00 |a rbrito | ||
| 260 | |a Buenos Aires |b Paidós |c 1971 | ||
| 650 | 0 | |a Psicología del niño |9 307305 | |
| 583 | |a last modification |c 20130106 11:35:20 |k Rodrigo Vera | ||
| 490 | 0 | |a Biblioteca del Educador Contemporáneo, 58 | |
| 999 | |c 232040 |d 232038 | ||
| 952 | |0 0 |1 0 |4 0 |6 155_400000000000000_GES_1971 |7 0 |8 R |9 236034 |a BIBEDU |b BIBEDU |c MCIRC |d 2019-11-15 |i 3059790 |o 155.4 GES 1971 |p 3059790 |r 2023-01-13 |w 2019-11-15 |y BK_R |k EDU | ||
| 952 | |0 0 |1 0 |4 0 |6 155_400000000000000_GES_1971 |7 0 |8 R |9 236035 |a BIBEDU |b BIBEDU |c MCIRC |d 2019-11-15 |i 3060039 |o 155.4 GES 1971 |p 3060039 |r 2023-01-13 |w 2019-11-15 |y BK_R |k EDU | ||